000 00909 a2200229 4500
001 108
005 20260407155410.0
008 260407a2003 arg spa d
003 AR-UNSa-BCEJYS
040 _aAR-UNSa-BCEJYS
_bspa
_cAR-UNSa-BCEJYS
080 _a657
_xContabilidad
245 1 0 _aNociones básicas contabilidad
_pcon Microsoft Excel
020 _a978-987-1046-12-6
264 1 _aBuenos Aires :
_bOmicron System
_c2003
300 _a149 p.
_c21 cm
505 _a1. Conceptos generales de contabilidad - 2. Sistema de información contable - 3. Estados contables - 4. Análisis e interpretación de estados contables - 5. Del balance al presupuesto
942 _cBK
590 _aniveau_biblio:m niveau_hierar:0
100 1 _aCepeda, Nelson
700 1 _aBresciani, Anita
856 4 1 _uhttps://biblioeco.unsa.edu.ar/pmb/images/libros/Contabilidad con Excel2-l117376.jpg
_yImagen de portada
_qimage/jpeg
999 _c83
_d83